Sanskrit dramas of kulasekhara: (Record no. 169216)

MARC details
000 -LEADER
fixed length control field 00655nam a2200205 4500
005 - DATE AND TIME OF LATEST TRANSACTION
control field 20191108130447.0
010 ## - LCCN (DPL NO)
LC control number ENG-126868
020 ## - INTERNATIONAL STANDARD BOOK NUMBER
International Standard Book Number 978818183153397
Terms of availability 800.00
035 ## - SYSTEM CONTROL NUMBER
System control number EN-110400
037 ## - SOURCE OF ACQUISITION
Source of stock number/acquisition DBAD/PUB
082 ## - DEWEY DECIMAL CLASSIFICATION NUMBER
Classification number 891.22
100 ## - MAIN ENTRY--PERSONAL NAME
Personal name Unni, N.P.
245 ## - TITLE STATEMENT
Title Sanskrit dramas of kulasekhara:
Statement of responsibility, etc by N.P. Unni
Remainder of title A study /
250 ## - EDITION STATEMENT
Edition statement ed. 2nd
260 ## - PUBLICATION, DISTRIBUTION, ETC. (IMPRINT)
Place of publication, distribution, etc New Delhi
Name of publisher, distributor, etc New bharatiya book corporation
Date of publication, distribution, etc 2018
270 ## - ADDRESS
Address 4735/22, Ansari Road, Darya Gang
City New Delhi
Postal code 110002
Telephone number 23280214, 23280209
300 ## - PHYSICAL DESCRIPTION
Extent x;226p.
Dimensions 22cm(Hb)
Other physical details ill.
500 ## - GENERAL NOTE
General note Includes bibliographical references
942 ## - ADDED ENTRY ELEMENTS (KOHA)
Source of classification or shelving scheme Dewey Decimal Classification
Item type English Books
Classification part 891.22
Call number suffix UNN
Holdings
Withdrawn status Lost status Not for loan Collection code Home library Current library Date acquired Source of acquisition Cost, normal purchase price Full call number Barcode Copy number Cost, replacement price Koha item type
      Non-fiction Central Library Central Library 08/11/2019 DBAD/PUB 800.00 891.22 UNN EN-110400 1 800.00 English Books

© Delhi Public Library
Hit Counter
free hit counter